000 00951nam a2200217 a 4500
001 BRL_1489
005 20190320211231.0
008 270114c1982----mx-a######---#000-0#spa-#
041 _aspa
044 _amx
050 4 _aML3570
_b.C56 1982
245 1 0 _a50 [i.e. Cincuenta] encuentros de música y danza indígena
_ctextos etnomusicologicos y prod. Archivo Etnográfico Audio-Visual del Instituto Nacional Indigenista ; textos etnográficos, departamento de Investigaciones Antropológicas y Organización Social ; diseño Troje Taller.
260 _a[México]
_bFONAPAS : INI
_c198-?
300 _a1 v. (sin paginación)
_bil. (algunas a color)
_c21 cm.
500 _aAu1257
650 1 4 _aDanza indígena
_zMéxico
_927046
650 1 4 _aIndígenas de México
_xMúsica
_927077
710 2 _aInstituto Nacional Indigenista
_bDepartamento de Investigaciones Antropológicas y Organización Social (México)
_927078
902 _aGRL
942 _2lcc
_cB
999 _c10299
_d10299